Statistics for Countries Breakdown Puzzle #3

Click here to take the quiz!

General Stats

  • This quiz has been taken 14,984 times
  • The average score is 14 of 30

Answer Stats

Hint Answer % Correct
FootwareSHOE
91%
Squid's defenseINK
85%
Lasagna, linguine etcPASTA
85%
SkinnyTHIN
77%
Satchel, purseBAG
77%
Small rodentsMICE
74%
Part of a knife or doorHANDLE
73%
Violinist's stickBOW
63%
Ladder stepRUNG
62%
PAKISTAN
57%
Lucifer, BeelzebubSATAN
56%
ProhibitBAN
56%
Dried grassHAY
55%
Back of a shipSTERN
54%
Load-carrying animalOX
51%
Goal, objectiveAIM
42%
HUNGARY
39%
MEXICO
36%
___-wan KenobiOBI
34%
ChristmastimeNOEL
32%
GAMBIA
32%
Auction unitLOT
30%
BOTSWANA
30%
Russian car brandLADA
26%
NETHERLANDS
25%
THAILAND
21%
LEBANON
21%
LESOTHO
17%
Perfume bottleVIAL
13%
BOLIVIA
12%

Score Distribution

Percentile by Number Answered

Percent of People with Each Score

Your Score History

You have not taken this quiz